00388nam a2200121Ia 4500008004100000041000800041082001400049100001800063245009500081260002600176300001900202520004500221240719s9999 xx 000 0 und d aeng a158.1 MAN aMandell, Fred aBecoming A Life Change Artist 7 Creative Skills To Reinvent Yourself At Any Stage Of Life  aNew YorkbAveryc2010 a280.; P. 24 Cm aGifted By : IMT Faculty Dr.senthil kumar